| 000 | 01463nam a2200337 i 4500 | ||
|---|---|---|---|
| 003 | EG-GICUC | ||
| 005 | 20260121101538.0 | ||
| 008 | 251225s2020 ua ||||fr|||| 00| 0 ara d | ||
| 017 | _a20201579 | ||
| 020 | _a9789770490686 | ||
| 040 |
_a EG-GICUC _bara _c EG-GICUC _d EG-GICUC _erda |
||
| 041 | _aara | ||
| 082 | 0 | 4 |
_221 _a343.415 _bع ص . س |
| 092 | 0 | 4 | _221 |
| 099 | _aLaw1 10 343.415 ع ص . س 1 ed - 2020 | ||
| 100 | 0 |
_aعصام على الطباخ _eمؤلف. |
|
| 245 | 1 | 0 |
_aسلسلة الجرائم التى تختص بها هيئة الرقابة الإدارية : _nالجزء الثاني, _pجريمة الكسب غير المشروع / _cتأليف الدكتور عصام على الطباخ. |
| 250 | _aالطبعة الاولى | ||
| 264 | 1 |
_aالقاهرة : _bدار النهضة العربية، _c2020. |
|
| 300 |
_a254 صفحة ؛ _c24 سم. |
||
| 336 |
_2rda content _atext |
||
| 337 |
_2rda media _aComputer |
||
| 338 |
_2rda carrier _aOnline Resource |
||
| 504 | _aيحتوي على ارجاعات ببليوجرافية يحتوي على قائمة بالمراجع | ||
| 546 | _aالنص أغلبه باللغة العربية مع بعض النصوص الإنجليزية | ||
| 650 | 1 | 4 |
_aقانون العقوبات شأن الكسب غير المشروع _vالقانون الجنائى |
| 651 | 1 | _2qrmak | |
| 856 | 4 | 0 | _uhttps://fll.law.cu.edu.eg/fulltext/bks/B10-07314.pdf |
| 905 | _a75 | ||
| 942 |
_2ddc _n0 _cBK _e21 |
||
| 999 |
_c52513 _d52513 |
||